[Event "Schwaben-ch"]
[Site "Sonthofen"]
[Date "2013.11.02"]
[Round "4.8"]
[White "Lagasse, Isabelle"]
[Black "Steinmueller, Harald"]
[Result "0-1"]
[WhiteElo "951"]
[BlackElo "1349"]
[PlyCount "94"]
[EventDate "2013.11.01"]
[EventType "swiss"]
[EventRounds "6"]
[EventCountry "GER"]
[SourceTitle "EXT 2022"]
[Source "ChessBase"]
[SourceDate "2021.10.06"]
[SourceVersion "1"]
[SourceVersionDate "2021.10.06"]
[SourceQuality "1"]

1. c4 c5 2. Nc3 Nc6 3. e4 d6 4. d3 e6 5. Nge2 g6 6. h3 Bg7 7. g4 Nd4 8. Bg2 Ne7 9. 0-0 Nec6 10. Nxd4 Nxd4 11. Ne2 0-0 12. f4 f5 13. g5 fxe4 14. dxe4 Qe7 15. Be3 Nc6 16. Rb1 Rb8 17. h4 e5 18. Ng3 exf4 19. Rxf4 Rxf4 20. Bxf4 Bd4+ 21. Kh2 Ne5 22. Bxe5 Qxe5 23. b3 Bd7 24. Bh3 Bxh3 25. Kxh3 Rf8 26. Qe2 Bf2 27. Qd3 Qe6+ 28. Kg2 Qg4 29. Rf1 Bxg3 30. Rxf8+ Kxf8 31. Qxg3 Qxe4+ 32. Kh2 Qe5 33. Qxe5 dxe5 34. Kg3 Ke7 35. Kf3 Kd6 36. Ke4 a6 37. a4 a5 38. Kf3 Ke6 39. Kg4 e4 40. Kf4 e3 41. Kxe3 Ke5 42. Kf3 Kd4 43. Kf4 Kc3 44. Ke5 Kxb3 45. Kd6 Kxc4 46. Kc7 Kb4 47. Kxb7 c4 0-1